Estudio de Pre factibilidad para la creación de una oficina de asistencia técnica a los criadores de porcino en el Municipio de Masatepe
Presenta un estudio de prefactibilidad para la creación de una oficina de asistencia técnica a los criadores de porcino del municipio de Masatepe. El propósito del proyecto es brindar los conocimientos y técnicas de una crianza porcina tecnificada que satisface la demanda del consumo y que cumpl...
| Main Authors: | , |
|---|---|
| Other Authors: | |
| Format: | Tesis Section = Libro |
| Language: | Undetermined Spanish |
| Published: |
Managua
UNI
2017
|
| Subjects: |
| LEADER | 01384nam a2200301Ia 4500 | ||
|---|---|---|---|
| 008 | 240830s9999 xx 000 0 und d | ||
| 040 | |a BIBLIOTECA-RUPAP Mon 658.11 M553 | ||
| 041 | |a spa | ||
| 082 | |a Mon 658.11 M553 | ||
| 100 | 1 | |a Mercado Hernández, Carol Fabiola | |
| 100 | 1 | |c Mercado Hernández, Luis Carlos | |
| 245 | 1 | 0 | |a Estudio de Pre factibilidad para la creación de una oficina de asistencia técnica a los criadores de porcino en el Municipio de Masatepe |
| 260 | |a Managua |b UNI |c 2017 | ||
| 300 | |a 86 p. :il. | ||
| 500 | |a Contiene: anexos e Incluye: CD. | ||
| 502 | |a Tesis (Ingeniero de Sistemas)- UNI, 2017. | ||
| 520 | 3 | |a Presenta un estudio de prefactibilidad para la creación de una oficina de asistencia técnica a los criadores de porcino del municipio de Masatepe. El propósito del proyecto es brindar los conocimientos y técnicas de una crianza porcina tecnificada que satisface la demanda del consumo y que cumpla con las medidas sanitarias adecuadas para su comercialización. | |
| 650 | 7 | |a NUEVOS NEGOCIOS | |
| 650 | 7 | |b ESTUDIO DE FACTIBILIDAD | |
| 650 | 7 | |c ESTUDIO DE MERCADO | |
| 650 | 7 | |d ESTUDIO ORGANIZACIONAL | |
| 650 | 7 | |e ESTUDIO FINANCIERO | |
| 650 | 7 | |f ESTUDIO ECONOMICO | |
| 650 | 7 | |h PORCINOS-ASPECTOS ECONOMICOS | |
| 700 | 1 | |a Tutor: |b Zúñiga Morales, Gonzalo de Jesús | |
| 942 | |c BK |2 ddc | ||
| 991 | |a TESIS | ||
| 999 | |c 16958 | ||